| Tag |
First Indicator |
Second Indicator |
Subfields |
| LEADER |
00000cmm a22000004a 4500 |
| 001 |
in00001785313 |
| 005 |
20151025131836.0 |
| 006 |
m d f |
| 007 |
co mg |||||||| |
| 008 |
031110s2003 dcu m f eng d |
| 035 |
|
|
|a (OCoLC)ocm53445947
|
| 040 |
|
|
|a VZL
|c VZL
|d GPO
|d MvI
|d UtOrBLW
|
| 041 |
0 |
|
|a eng
|a spa
|
| 043 |
|
|
|a n-us---
|
| 049 |
|
|
|a UDOC
|
| 074 |
|
|
|a 0500-E-11
|
| 086 |
0 |
|
|a HE 20.6231:AG 4/CD
|
| 090 |
|
|
|a RA564.8
|b D38 2003 CD-ROM
|
| 245 |
0 |
0 |
|a Data warehouse on trends in health and aging.
|
| 246 |
3 |
0 |
|a Trends in health and aging
|
| 264 |
|
1 |
|a [Washington, D.C.] :
|b U.S. Dept. of Health and Human Services, Centers for Disease Control and Prevention, National Center for Health Statistics,
|c [2003]
|
| 300 |
|
|
|a 1 CD-ROM ;
|c 4 3/4 in.
|
| 336 |
|
|
|a computer program
|b cop
|2 rdacontent
|
| 337 |
|
|
|a computer
|b c
|2 rdamedia
|
| 338 |
|
|
|a computer disc
|b cd
|2 rdacarrier
|
| 500 |
|
|
|a Shipping List Date: 11/06/2003
|
| 538 |
|
|
|a System requirements: Data Warehouse Interface, Beyond 20/20 Browser, and Adobe Acrobat Reader (available free on disc).
|
| 538 |
|
|
|a System requirements: (for installation of Beyond 20/20 Browser), Fully IBM-compatible microcomputer 386 or higher; Minimum 16MB RAM; Windows 3.1, 95, 98, 2000 or NT; 8MB Hard Disk Space.
|
| 500 |
|
|
|a Title from CD-ROM label.
|
| 500 |
|
|
|a "October 2003."
|
| 500 |
|
|
|a "Beyond 20/20 Browser gives users the ability to view, manipulate and transfer data from the tables in the CD-ROM"--ReadMe pdf.
|
| 500 |
|
|
|a Shipping list number: 2004-0005-E.
|
| 546 |
|
|
|a Text in English and Spanish.
|
| 500 |
|
|
|a Electronic resource.
|
| 650 |
|
0 |
|a Older people
|x Medical care
|z United States
|v Databases.
|
| 650 |
|
0 |
|a Older people
|x Health and hygiene
|z United States
|v Databases.
|
| 710 |
2 |
|
|a Centers for Disease Control and Prevention (U.S.)
|
| 710 |
2 |
|
|a National Center for Health Statistics (U.S.)
|
| 999 |
|
|
|a MARS
|
| 999 |
f |
f |
|s c3ef349a-525e-34a8-92b3-0c90f709d633
|i 637bf1ab-7c8b-35d9-b20e-2ff7e7d0c129
|t 0
|
| 952 |
f |
f |
|p normal
|a Texas A&M University
|b College Station
|c Sterling C. Evans Library
|d Evans: US Documents CD-ROMs (Annex 5th floor)
|t 0
|e HE 20.6231:AG 4/CD
|h Superintendent of Documents classification
|i computer -- computer disc
|m A14830988992
|
| 998 |
f |
f |
|a HE 20.6231:AG 4/CD
|t 0
|l Evans: US Documents CD-ROMs (Annex 5th floor)
|